[Event "Cap d'Agde GP CCAS"]
[Site "Cap d'Agde"]
[Date "2013.11.01"]
[Round "8"]
[White "Valles, Manuel"]
[Black "Colovic, Aleksandar"]
[Result "1/2-1/2"]
[WhiteElo "2336"]
[BlackElo "2515"]
[Annotator "Valles,M"]
[PlyCount "55"]
[EventDate "2013.10.26"]
[EventType "swiss"]
[EventRounds "9"]
[EventCountry "FRA"]
[SourceTitle "EXT 2016"]
[Source "ChessBase"]
[SourceDate "2015.10.08"]
[SourceVersion "1"]
[SourceVersionDate "2015.10.08"]
[SourceQuality "1"]

1. d4 d5 2. c4 e6 3. Nc3 Be7 4. cxd5 exd5 5. Bf4 Nf6 6. e3 Bf5 7. Qb3 Nc6 8.
Qxb7 $6 Nb4 9. Rc1 (9. Kd1 O-O 10. Qxc7 Qxc7 11. Bxc7 Rfc8 12. Bg3 Bc2+ 13. Ke1
Bf5 14. Rd1 Ne4 15. Nxe4 dxe4 16. a3 Rc2 17. Be2 Nd3+ 18. Kf1 Nxb2 19. Re1 Bxa3
20. Ba6 Bc8 21. Bxc8 Raxc8 22. Ne2 a5 23. h4 a4 24. h5 Be7 25. Ra1 Rd2 26. Nf4
a3 27. Kg1 Rd1+ 28. Kh2 Rxh1+ 29. Kxh1 Nd3 30. Nd5 Rc1+ 31. Rxc1 Nxc1 32. Nxe7+
Kf8 33. Ng6+ Ke8 34. d5 Nd3 {0-1 (34) Lupulescu,C (2650)-Fridman,D (2659)
Khanty-Mansiysk 2011}) 9... O-O 10. Bxc7 Qc8 11. Qxc8 Rfxc8 12. Be5 $146 (12.
Bg3 Ne4 13. a3 Nxc3 14. Rxc3 Na2 15. Kd2 Nxc3 16. bxc3 Rc6 17. Bd3 Bxd3 18.
Kxd3 Bxa3 19. Ne2 Bd6 20. Bxd6 Rxd6 21. Ra1 a5 22. Ra4 Kf8 23. e4 dxe4+ 24.
Kxe4 Rh6 25. h3 Rf6 26. f3 Re8+ 27. Kd3 Rfe6 28. Nc1 Re1 29. Nb3 R1e2 30. Rxa5
R8e3+ 31. Kc4 Rc2 32. Ra8+ Ke7 33. Nc5 Rexc3+ 34. Kd5 Re3 35. Ra7+ Kf6 36. Nd7+
Kf5 37. Nf8 Kf6 38. Nxh7+ Kg6 39. Nf8+ Kf6 40. Nd7+ Kf5 41. Ne5 Rxe5+ {
Djurhuus,R (2505)-Olafsson,H (2485) Reykjavik 1996 1/2-1/2}) 12... Ne4 13. a3
Nxc3 14. Rxc3 Na2 15. Kd2 Nxc3 16. bxc3 f6 17. Bg3 Bxa3 $2 (17... a6 18. Bd3
Bxd3 19. Kxd3 Bxa3 20. Ne2 a5 21. Ra1 Be7 $15) 18. Ba6 Rcb8 19. Bxb8 Rxb8 20.
e4 Bxe4 21. f3 Rb2+ 22. Ke3 Bb1 23. Ne2 Bd6 24. Bd3 $1 Ba2 25. Ra1 a5 26. Nc1
Bc4 27. Bxc4 dxc4 28. Ne2 $18 1/2-1/2